000 00447nam a2200169Ia 4500
008 191127s9999 xx 000 0 und d
100 _aHuston, Matt
245 4 _aThe Datasmith/
245 _cMatt Huston
260 _bSussex Publisher
260 _c2019
300 _aPages 29-30, Janaury/February 2019
440 _aPsychology Today: Escaping Depression
_v51: 1
650 _adata
650 _aData humanism
650 _avisual creation
999 _c362712
_d362712